000 00956 a2200229 4500
001 41093
005 20260407155704.0
008 260407a2004 arg spa d
003 AR-UNSa-BCEJYS
040 _aAR-UNSa-BCEJYS
_bspa
_cAR-UNSa-BCEJYS
080 _a347.72
_xSociedades comerciales
245 1 0 _aAnálisis crítico de jurisprudencia, doctrina y estrategias societarias
020 _a950-894-434-X
264 1 _aBuenos Aires :
_bAD-HOC
_c2004
300 _a279 p.
_c23 cm.
505 _a1. Presentación - 2. Personalidad jurídica - 3. Conflictos societarios, y asambleas - 4. Conflictos societarios, y directorio - 5. Sociedades extranjeras - 6. Pluralidad de socios
041 _aspa
942 _cBK
590 _aniveau_biblio:m niveau_hierar:0
100 1 _aFundación para la Investigación y Desarrollo de las Ciencias Jurídicas
856 4 1 _uhttps://biblioeco.unsa.edu.ar/pmb/images/libros/L126363.jpg
_yImagen de portada
_qimage/jpeg
999 _c3361
_d3361